Normal view MARC view
  • Royal Institution of Chartered Surveyors

Entry Corporate Name

Number of records used in: 1

001 - CONTROL NUMBER

  • control field: 4467

003 - CONTROL NUMBER IDENTIFIER

  • control field: OSt

005 - DATE AND TIME OF LATEST TRANSACTION

  • control field: 20190806150233.0

008 - FIXED-LENGTH DATA ELEMENTS

  • fixed length control field: 030618n| aaannaabn |n ana d

040 ## - CATALOGING SOURCE

  • Original cataloging agency: OSt
  • Transcribing agency: OSt

110 ## - HEADING--CORPORATE NAME

  • Corporate name or jurisdiction name as entry element: Royal Institution of Chartered Surveyors
  • Subordinate unit: Planning and Development Faculty Annual Conference (
  • Date of meeting or treaty signing: 2003)

410 ## - SEE FROM TRACING--CORPORATE NAME

  • Corporate name or jurisdiction name as entry element: RICS Planning and Development Faculty Annual Conference (
  • Date of meeting or treaty signing: 2003)

410 ## - SEE FROM TRACING--CORPORATE NAME

  • Corporate name or jurisdiction name as entry element: Planning and Development Faculty Annual Conference (
  • Date of meeting or treaty signing: 2003)

670 ## - SOURCE DATA FOUND

  • Source citation: Planning for regeneration in our towns and cities, 2003